Library catalogue, corrected to October 1883, with an appendix (Record no. 99738)

MARC details
000 -LEADER
fixed length control field 00697cam a22001815a 4500
001 - CONTROL NUMBER
control field ##J100652
008 - FIXED-LENGTH DATA ELEMENTS--GENERAL INFORMATION
fixed length control field 000000s1883 000 0 eng u
035 ## - SYSTEM CONTROL NUMBER
System control number (Sirsi) u100652
041 0# - LANGUAGE CODE
Language code of text/sound track or separate title eng
050 04 - LIBRARY OF CONGRESS CALL NUMBER
Classification number 333.07442 $2 2
110 2# - MAIN ENTRY--CORPORATE NAME
Corporate name or jurisdiction name as entry element Surveyors' Institution
9 (RLIN) 3783
245 00 - TITLE STATEMENT
Title Library catalogue, corrected to October 1883, with an appendix
260 ## - PUBLICATION, DISTRIBUTION, ETC.
Place of publication, distribution, etc. London
Name of publisher, distributor, etc. Surveyors' Institution
Date of publication, distribution, etc. 1883
300 ## - PHYSICAL DESCRIPTION
Extent 212p.
Dimensions 21cm.
520 ## - SUMMARY, ETC.
Summary, etc. Appendix comprises of a classified list of the rock specimens in the geological collection; and of a list of works added to the library since the compliation of the catalogue.
690 ## - LOCAL SUBJECT ADDED ENTRY--TOPICAL TERM (OCLC, RLIN)
Topical term or geographic name as entry element RICS SERVICES-RICS LIBRARY AND INFORMATION SERVICES
942 ## - ADDED ENTRY ELEMENTS (KOHA)
Suppress in OPAC 0
Holdings
Withdrawn status Lost status Source of classification or shelving scheme Damaged status Not for loan Home library Current library Shelving location Date acquired Total Checkouts Full call number Barcode Date last seen Copy number Price effective from Koha item type
    Dewey Decimal Classification     Historic collection Historic collection RICS Boxes 21/10/1999   RICS 1883/1 30059592 06/08/2019 1 06/08/2019 Archive